Liam Neeson Filmography - Statistics

General Stats
  • This quiz has been taken 438 times
    102 since last reset
  • The average score is 28 of 233
Answer Stats
Type Year Name % Correct
Film 2008 Taken
93%
Film 2014 TAK3N
85%
Film 2012 Taken 2
85%
Film 2025 The Naked Gun
73%
Film 1999 Star Wars: Episode I – The Phantom Menace
66%
Film 1993 Schindler's List
61%
Film 2003 Love Actually
44%
Film 2012 The Dark Knight Rises
41%
Film | Video Game 2005 Batman Begins
39%
Film 2014 Non-Stop
37%
Film 2015 Ted 2
37%
Film 2002 Star Wars: Episode II – Attack of the Clones
34%
Film 1995 Rob Roy
32%
Film 2019 Star Wars: The Rise of Skywalker
32%
TV Show 2004, 2012, 2014 Saturday Night Live
29%
Film 2018 The Commuter
29%
Film 2011 The Grey
29%
Film 2002 Gangs of New York
27%
Film 1996 Michael Collins
27%
Film 2015 Run All Night
27%
Film 2021 The Ice Road
27%
Film 2014 The Lego Movie
27%
Film 2010 Clash of the Titans
24%
Film 2008 The Chronicles of Narnia: Prince Caspian
24%
Film 2012 Wrath of the Titans
24%
Film 2014 A Million Ways to Die in the West
22%
Web Mini-Series 2022 Obi-Wan Kenobi
22%
TV Show 2011, 2014 Star Wars: The Clone Wars
22%
Film 2010 The A-Team
22%
Film 1999 The Haunting
22%
Film 2011 Unknown
22%
Film 2019 Cold Pursuit
20%
Film 1990 Darkman
20%
Film 1981 Excalibur
20%
Film 2005 Kingdom of Heaven
20%
Film 2004 Kinsey
20%
Film 1994 Nell
20%
Film 2016 Silence
20%
Film 2005 The Chronicles of Narnia: The Lion, the Witch and the Wardrobe
20%
Film 2016 A Monster Calls
17%
Film 2013 Anchroman 2: The Legend Continues
17%
Film 2014 A Walk Among the Tombstones
17%
Film 2009 Chloe
17%
Short Film 2015 Clash of Clans: Revenge
17%
TV Show 2014, 2015 Family Guy
17%
Film 1998 Les Misérables
17%
TV Show 2014 Rev.
17%
Film 1986 The Mission
17%
Film 2014 The Nut Job
17%
TV Show 2005 The Simpsons
17%
Film 2017 Daddy's Home 2
15%
TV Show 2022 Derry Girls
15%
Film 2015 Entourage
15%
Film 2022 Marlowe
15%
Film 2019 Men in Black: International
15%
Film 2009 Ponyo
15%
Film 1984 The Bounty
15%
Film 2010 The Chronicles of Narnia: The Voyage of the Dawn Treader
15%
Film 1988 The Dead Pool
15%
Film 2021 The Marksman
15%
Film 2018 Widows
15%
Documentary 1996 A Leap of Faith
12%
Film 1996 Before and After
12%
Film 2005 Breakfast on Pluto
12%
Film 1993 Ethan Frome
12%
Video Game 2008 Fallout 3
12%
Film 2000 Gun Shy
12%
Film 1992 Husbands and Wives
12%
Film 2025 Ice Road: Vengeance
12%
Film 2023 In the Land of Saints and Sinners
12%
Film 2002 K-19: The Widowmaker
12%
Film 2013 Khumba
12%
Film 1983 Krull
12%
Film 1992 Leap of Faith
12%
Film 1989 Next of Kin
12%
Film 2006 Seraphim Falls
12%
Film 2018 The Ballad of Buster Scruggs
12%
Film 2010 The Next Three Days
12%
Film 2013 Third Person
12%
Film 2024 Absolution
10%
Film 2016 A Christmas Star
10%
Film 2009 After.Life
10%
Film 2012 Battleship
10%
Film 2022 Blacklight
10%
Film 2025 Cold Storage
10%
Short Documentary 1998 Everest
10%
Film 1988 High Spirits
10%
Film 2020 Honest Thief
10%
Film 2014 Kahlil Gibran's The Prophet
10%
Film 2016 Operation Chromite
10%
Theater 1976 Philadelphia, Here I Come!
10%
Film 1978 Pilgrim's Progress
10%
TV Short 2017 Red Nose Day Actually
10%
Film 1992 Ruby Cairo
10%
Web Series 2022 Tales of the Jedi
10%
Film 1988 The Good Mother
10%
Film 2016 The Huntsman: Winter's War
10%
Theater 1976 The Loves of Cass Maguire
10%
Film 2008 The Other Man
10%
Film 2023 Wildcat
10%
Theater 1976 A Little Night Music
7%
Film 1987 A Prayer for the Dying
7%
TV Show 1980 BBC2 Playhouse
7%
Theater 1977 Black Man's Country
7%
Film 1979 Christiana
7%
Documentary 2003 Coral Reef Adventure
7%
Film 1986 Duet for One
7%
TV Mini-Series 1984 Ellis Island
7%
Documentary Mini-Series 2002 Evolution
7%
Film 2009 Five Minutes of Heaven
7%
Theater 1976, 1978 Henry IV, Part I
7%
Documentary 2006 Home
7%
Film 1985 Lamb
7%
Video Game 2015 Lego Dimensions
7%
TV Show 2011 Life's Too Short
7%
Film 2020 Made in Italy
7%
Film 2017 Mark Felt: The Man Who Brought Down the White House
7%
TV Documentary 2002 Martin Luther
7%
Film 2022 Memory
7%
TV Show 1986 Miami Vice
7%
Theater 1977 Mother Courage
7%
Theater 1976 Oedipus
7%
Theater 1977 One Flew Over the Cuckoo's Nest
7%
Film 2019 Ordinary Love
7%
TV Show 1978, 1979 Play for Today
7%
Film 2023 Retribution
7%
Documentary 2014 Road
7%
Film 1988 Satisfaction
7%
Film 1992 Shining Through
7%
Theater 1977 Streamers
7%
Film 1987 Suspect
7%
Film 1990 The Big Man
7%
Theater 1977 The Gathering
7%
Film 1985 The Innocent
7%
Film TBA The Mongoose
7%
TV Show 2017 The Orville
7%
Theater 1977 The Plough and the Stars
7%
Theater 1976 The Risen People
7%
Theater 1978 Translations
7%
Film 1991 Under Suspicion
7%
Theater 1976 We Do It for Love
7%
Documentary Mini-Series 2016 1916: The Irish Rebellion
5%
Film 2026 4 Kids Walk Into a Bank
5%
Theater 1993 Anna Christie
5%
TV Show 2022 Atlanta
5%
TV Mini-Series 1985 A Woman of Substance
5%
TV Show 2016 Dream Corp, LLC
5%
Documentary Series 2000 Empires: The Greeks
5%
TV Mini-Series 1986 Hold the Dream
5%
Film TBA Hotel Tehran
5%
TV Mini-Series 1986 If Tomorrow Comes
5%
TV Show 2016 Inside Amy Schumer
5%
Short Documentary 2022 Ireland
5%
Film 2013 Jeff Wayne's Musical Version of the War of the Worlds Alive on Stage! The New Generation
5%
Theater 1979 Juno and the Paycock
5%
TV Show 2002 Liberty's Kids
5%
Documentary 2014 Love Thy Nature
5%
TV Film 1985 Merlin and the Sword
5%
Theater 1980 Of Mice and Men
5%
TV Documentary 2004 Patrick
5%
Documentary Mini-Series 2018 Pope: The Most Powerful Man in History
5%
Theater 2000-2001 Riverdance - On Broadway
5%
Theater 1978 Says I, Says He
5%
TV Show 1988 Screen Two
5%
TV Show 2010 The Big C
5%
Theater 2002 The Crucible
5%
Documentary 2000 The Endurance: Shackleton's Legendary Antarctic Expedition
5%
Documentary Series 1996 The Great War and the Shaping of the 20th Century
5%
Documentary 2020 The Hunger
5%
Theater 1998 The Judas Kiss
5%
TV Show 2015 The Late Show with Stephen Colbert
5%
Theater 2003 The Play What I Wrote
5%
Theater 1978 The Sea
5%
Documentary 2010 The Wildest Dream
5%
TV Documentary 2014 Wild Japan: Snow Monkeys
5%
TV Short 2011 A Child's Garden of Poetry
2%
TV Film 1983 Across the Water
2%
TV Film 1983 Arthur the King
2%
Documentary Series 2022 Benjamin Franklin
2%
Short Documentary 2006 Black Holes: The Other Side of Infinity
2%
Documentary 2019 Brave Blue World
2%
Film TBA Charlie Johnson in the Flames
2%
TV Film 1981 Charlie Was a Rich Man
2%
Theater 1978 City Sugar
2%
Documentary 1996 Clark Gable: Tall, Dark and Handsome
2%
TV Show 2010 Cubed
2%
TV Mini-Series 1998 Eco-Challenge Morocco
2%
Documentary 2013 Girl Rising
2%
TV Show 2012 Highly Questionable
2%
Documentary 2016 How to Defuse a Bomb: The Project Children Story
2%
Theater 1979 I Do Not Like Thee, Dr Fell
2%
TV Documentary 2000 Inside the Space Station
2%
Documentary 2017 In the Name of Peace: John Hume in America
2%
Short Documentary 2001 Journey into Amazing Caves
2%
Documentary 2017 Karenina & I
2%
TV Short 2017 Life in Black
2%
Documentary 1995 Lumière and Company
2%
Documentary 2014 Manny
2%
Documentary 2002 Mount of Beatitudes
2%
TV Film 1981 Nailed
2%
Documentary Series 2014 Nature
2%
Documentary Series 2015 Nature Is Speaking
2%
Commercial 2014 NBA
2%
TV Special 2001 Nobel Peace Prize Concert
2%
Documentary 2000 Omagh the Legacy: Claire and Stephen's Story
2%
Documentary 2024 Our Blue World: A Water Odyssey
2%
Documentary 2025 Reality Is Not Enough
2%
Documentary 2007 Resting Places
2%
TV Documentary 2001 Revenge of the Whale
2%
Short Film 1991 Revolver
2%
Film TBA Run All Night 2
2%
Short Film 2014 Save NYC Horse Carriages
2%
Short Documentary 2006 Sergeant York: Of God and Country
2%
TV Show 1999, 2001 Sesame Street
2%
Short Film 1989 Storm
2%
TV Show 1994 Subaru Primal Quest, San Juan Islands
2%
TV Film 1987 Sworn to Silence
2%
Film 2007 The Birth of Christ
2%
Theater 1978 The Colleen Dawn
2%
Theater 1979 The Death of Humpty Dumpty
2%
Documentary Series 2015 The Garden's Defining Moments
2%
Documentary Series 2012 The Gentleman Prizefighter
2%
TV Film 2000 The Man Who Came to Dinner
2%
TV Documentary 2002 The Maze
2%
Documentary 2012 The Patriot of America
2%
Film TBA The Riker's Ghost
2%
Theater 1977 The Rise and Fall of Barry Kerrigan
2%
Theater 1979 The Winter's Tale
2%
TV Show 2010 The X Factor UK
2%
Film 2024 Thug
2%
TV Show 2000 Touched by an Angel
2%
TV Documentary 2006 Xavier
2%
No matching quizzes found
Score Distribution
Percent of People with Each Score
Percentile by Number Answered
Your Score History
You have not taken this quiz since the last reset